| 000 | 00944nam a2200277 i 4500 | ||
|---|---|---|---|
| 001 | 6139 | ||
| 003 | ES-MaACL | ||
| 005 | 20240223125331.0 | ||
| 007 | t| | ||
| 008 | 890811s1986 sp ||||1| spa d | ||
| 020 | _a84-86884-64-0 | ||
| 080 | _a908(460) | ||
| 100 | 1 |
_aGiménez Valdivieso, Tomás. _957073 |
|
| 245 | 1 | 3 |
_aEl Atraso de España / _cTomás Giménez Valdivieso ; edición al cuidado de José Esteban. |
| 260 |
_aMadrid : _bFundación Banco Exterior, _cD.L. 1989. |
||
| 300 |
_a220 p. ; _c23 cm. |
||
| 490 | 1 | _aBiblioteca regeneracionista | |
| 500 | _aReproduccion de la edicion de 1909. | ||
| 651 | 4 |
_aEspaña- _xDescripción. _98184 |
|
| 700 | 1 |
_aEsteban, José, _d1935- _948033 |
|
| 710 | 2 |
_aFundación Banco Exterior. _94226 |
|
| 830 | 0 |
_aBiblioteca regeneracionista _9177460 |
|
| 852 |
_aES-MaACL _jL-13245 _bR.116318 _z. - rust. |
||
| 852 |
_aES-MaACL _jL-18250 _bR.123409 |
||
| 999 |
_c6139 _d6139 |
||